Central Library OPAC University of Rajshahi
Normal view MARC view

Entry Personal Name

Number of records used in: 2

001 - CONTROL NUMBER

  • control field: 12970

003 - CONTROL NUMBER IDENTIFIER

  • control field: BD-RjUL

005 - DATE AND TIME OF LATEST TRANSACTION

  • control field: 20240512153924.0

008 - FIXED-LENGTH DATA ELEMENTS

  • fixed length control field: 240512|| aca||aabn | a|a d

040 ## - CATALOGING SOURCE

  • Original cataloging agency: BD-RjUL
  • Transcribing agency: BD-RjUL

100 ## - HEADING--PERSONAL NAME

  • Personal name: شيخو، لويس،
  • Dates associated with a name: 1859-1927

670 ## - SOURCE DATA FOUND

  • Source citation: Work cat.: (BD-RjUL)83722: ابو العتاهية، اسماعيل بن القاسم،al ;; / 748-826 12969, الانوار الزاهية في ديوان ابي العتاهية /al-Anwār al-zāhiyah fī Dīwān /, 1887